000 01214cam a22002054a 4500
005 20250605164116.0
008 250528s ||||||||||||||||||||||||d
035 _a18088
020 _a132065258
040 _aGR-AtMCL
_bgre
_dGR-AtMCL
_eAACR2
245 1 _aHuman Development / Seventh Edition
250 _a7th
260 _bPrentice Hall,
_c1996
300 _a764
520 _aPreface, Human Development: An Integrated Study of the Life Span, Perspectives and Processes and Research Methods, Theories of Human Development: An Introduction, The Beginnings of Human Life, Heredity and Environment, Prenatal Development and Childbirth, The First Two Years of Life, Physical Development in Infancy, Cognitive and Language Development in Infancy, Psychosocial Development in Infancy, Age Two to Six: The Preschool Child, Physical and Cognitive Development in Early Childhood, Psychosocial Development in Early Childhood, Middle Childhood, Physical and Cognitive Development in Middle Childhood, Adolesence, Early Childhood, Middle Childhood, Later Adulthood, Death and Dying, Glossary, Bibliography, Photo Credits, Index.
700 1 _aCraig Grace J
_94371
942 _cBK
999 _c3473
_d3473